000
00263nam a2200097Ia 4500
001
642773
005
20250826153533.0
008
250824s9999 xx 000 0 und d
245
0
_a
Kocaağız Bey’in Köpekbalığı Dersleri
_c
Michael Cox
260
_b
BEYAZ BALİNA
999
_c
642773
_d
642773